000 00641nam a22002177a 4500
003 UA-OsUOA
001 99817
007 ta
008 20130517b un ||||| |||| 00| 0 ukr d
090 _a821.161.1
_bС80
942 _cBK
040 _aUA-OsUOA
_brus
_cUA-OsUOA
_dUA-OsUOA
245 _aСтихотворная сказка (новелла) XVIII- начала XIX века
300 _a719 с.
955 _a3
041 _arus
080 _a821.161.1
260 _aЛенинград
_bСоветский писатель
_c1969
650 7 _a82 Література. Літературознавство
_2UDC
999 _c386054
_d386054